Prognózy vývoja cien nehnuteľností na bývanie v prostredí krátkych časových radov

Prezentácia metódy ktorú využíva Národná banka Slovenska v rámci prognostických procesov Eurosystému na účely prognózovania priemernej úrovne cien nehnuteľností na bývanie v SR.

Salvato in:
Dettagli Bibliografici
Autore principale: Karšay, Alexander, 1983-
Natura: Capitolo di libro
Lingua:slovacco
Soggetti:
Tags: Aggiungi Tag
Nessun Tag, puoi essere il primo ad aggiungerne!!

MARC

LEADER 00000naa$a2200000$$$4500
001 0115331
005 20231116090412.3
041 0 |a slo 
044 |a SK 
245 1 0 |a Prognózy vývoja cien nehnuteľností na bývanie v prostredí krátkych časových radov  |c Alexander Karšay 
520 |a Prezentácia metódy ktorú využíva Národná banka Slovenska v rámci prognostických procesov Eurosystému na účely prognózovania priemernej úrovne cien nehnuteľností na bývanie v SR. 
610 2 0 |a vývoj cenový 
610 2 0 |a prognózy vývoja 
610 2 0 |a nehnuteľnosti 
610 2 0 |a Slovensko 
610 2 0 |a banky centrálne 
100 1 |a Karšay, Alexander, 1983-